000 00621nam a2200253Ia 4500
005 20260121160146.0
008 008 260114s9999 xx 000 0 eng d
020 _a9781315399669
037 _aEBOOK
040 _aCRL
040 _beng
040 _cCRL
041 _2eng
041 _aeng
084 _qCRL
100 _a Cesare Silla
_91028430
245 4 _aThe Rise of Consumer Capitalism in America, 1880 - 1930
260 _bTaylor and Francis
260 _c2018
856 _uhttp://www.taylorfrancis.com/books/9781315399669
942 _cEBOOK
999 _c1595249
_d1595249